LEADER 01724nas a2200397 a 4500
001 c000172743
003 CARM
005 19950330000000.0
008 840522d19711978vra x f0 0eng d
019 1 |a 3150356  |z 2624384  |z 42699188  |5 LACONCORD2021 
022 |a 0069-7230 
035 |a (OCoLC)1518710  |5 LACONCORD2021 
040 |a VSL  |b eng  |c VSL  |d VSL 
042 |a anuc 
043 |a u-at--- 
130 0 |a Research report (CSIRO. Division of Applied Geomechanics) 
245 0 0 |a Research report /  |c Applied Geomechanics, Commonwealth Scientific and Industrial Research Organization, Australia. 
246 3 3 |a Applied Geomechanics research report. 
260 |a Mount Waverley, Vic. :  |b Division of Applied Geomechanics,  |c 1971-1978. 
300 |a 4 v. :  |b ill. ;  |c 25 cm. 
362 0 |a 1971-1978. 
500 |a Cover title. 
610 2 0 |a CSIRO.  |b Division of Applied Geomechanics  |x Periodicals. 
650 0 |a Soil mechanics  |x Research  |z Australia  |x Periodicals. 
650 0 |a Rock mechanics  |x Research  |z Australia  |x Periodicals. 
650 0 |a Geology  |x Research  |z Australia  |x Periodicals. 
650 0 |a Geology, Structural  |z Australia  |x Periodicals. 
650 0 |a Mining geology  |z Australia  |x Periodicals. 
710 2 |a CSIRO.  |b Division of Applied Geomechanics. 
780 0 0 |t Research report (CSIRO. Division of Soil Mechanics)  |x 0572-032X. 
785 0 0 |t Research activities (CSIRO. Division of Applied Geomechanics)  |x 1039-866X. 
852 8 |b CARM  |h A2:AN37F0  |i C06087  |p 0227475  |f SE 
866 0 |a 1971-1978 
866 |a 1971-1978 
999 f f |i 30810513-20c2-5636-aafb-dad2d5cca32b  |s 59c9dcc3-c574-5559-a23e-cba93c0dc5e6 
952 f f |p Can circulate  |a CAVAL  |b CAVAL  |c CAVAL  |d CARM 1 Store  |e C06087  |f A2:AN37F0  |h Other scheme  |i book  |k 1971-1978  |m 0227475